000 00724cab a2200217 4500
001 WB3232-60
008 090401t1996 xxu||||| |||| 00| 0 eng d
035 _a(Sirsi) u73951
041 _aeng
245 _aHambro Countrywide mounts recovery
260 _c1996
350 _a0
490 _aFinancial Times
_v30 August 1996, 17
490 _aTimes
_v30 August 1996, 28(2)
520 _aThe revival in the housing market has helped Hambro Countrywide to return to the black, as the UK`s largest estate agency reported interim pre-tax profits of £10.5m.
650 _aHAMBRO COUNTRYWIDE
650 _aRESULTS
690 _aMANAGEMENT-BUSINESS MANAGEMENT-PROFESSIONAL PRACTICE
942 _n0
948 _c04/03/1997
999 _c46674
_d46674